00894nam a2200229 a 450000100100000000500170001000800410002704000250006808200260009310000400011924500470015925000110020626000520021730000270026950001090029665000360040565000370044191000390047804900090051795201230052699900150064900000979620200929161716.0091001s1983 pr a 000 p spa d aDO-SdBNPbspacBNPHU aPR861.44bB957p, 19821 aBurgos, Julia de,d1914-195391409010aPoema en veinte surcos /cJulia de Burgos. a2a ed. aRío Piedras, Puerto Rico :bHuracán,c1983. a71 p. :bil. ;c20 cm. aEdición especial con grabados del portafolio Río Grande de Loíza de José R. Alicea.-- En portada 4aPoesía puertorriqueña91015 4aLiteratura puertorriqueña9250 aValidado. Control de calidad BNPHU aBNPD 001050718MOaPDbPDcHDd2009-10-01iLF1l0oPR861.44 B957p, 1982p9796-10r2020-06-25w2020-06-25y1ZNo se presta c9555d9555